History Quiz

Random History or Biography Quiz

Profile: Martin Van Buren Quiz Stats

Quiz Updated Dec 5, 2017

Challenge
Share
Tweet
Embed
Score 0/20 Timer 04:00
1 Play Today
Hint Answer % Correct
First LanguageDutch
84.4%
Birth StateNew York
81.2%
Political PartyDemocratic Party
78.6%
Preceeded byAndrew Jackson
69.9%
Succeeded byWilliam Henry Harrison
64.1%
Year Elected President1836
62.4%
Year Born1782
59.1%
Blocked the annexation of this stateTexas
55.9%
Presidential Ordinal8th
53.6%
Field of studyLaw
50.6%
Hint Answer % Correct
Children (name one)Abraham, John, Smith, and Martin, Jr.
49.7%
Year Died1862
48.4%
Cabinet PositionVice President (1833-1837)
46%
First elected positionGovernor of New York
31.9%
Year wife died1819
30.5%
NicknameLittle Magician/Sly Fox/Old Kinderhook
27.3%
1848 Presidential partyFree Soil Party
20.7%
Vice PresidentRichard Mentor Johnson
15.9%
Wife's nameHannah Hoes
13.9%
Founded this NY political organizationAlbany Regency
3.1%

You're not logged in!

Compare scores with friends on all Sporcle quizzes.
Sign Up with Email
OR
Log In

You Might Also Like...

Show Comments

Extras

Top Quizzes Today


Score Distribution

Your Account Isn't Verified!

In order to create a playlist on Sporcle, you need to verify the email address you used during registration. Go to your Sporcle Settings to finish the process.

Report this User

Report this user for behavior that violates our Community Guidelines.

Details: